LEADER 00647nas 2200241zu 450 001 996710608603316 005 20260220015801.0 035 $a(CKB)45343747600041 035 $a(EXLCZ)9945343747600041 100 $a20260220cuuuuuuuu || | 101 0 $aeng 135 $aur||||||||||| 200 00$aLanguage, Culture and Art 210 $aIndonesia: $cCV. SPDF Harmony 610 0$aartistic expression 610 0$acultural identity 610 0$alanguage studies 610 0$aperforming arts 610 0$asocial transformation 906 $aJOURNAL 912 $a996710608603316 996 $aLanguage, Culture and Art$94544700 997 $aUNISA